Pays les plus proches de Corée du Sud - Statistiques

Statistiques générales
  • Ce quiz a été pris 208 fois
  • Le résultat moyen est 15 sur 21
Statistiques - réponses
km pays % Correct
263 Chine
99%
0 Corée du Nord
99%
50 Japon
99%
455 Russie
93%
2712 Inde
87%
1040 Mongolie
87%
2221 Viêt Nam
87%
2766 Thaïlande
84%
3334 Indonésie
79%
2603 Laos
76%
990 Taïwan
76%
1434 Philippines
74%
2789 Cambodge
72%
3014 Malaisie
69%
2615 Birmanie
56%
3301 Bangladesh
55%
3323 Bhoutan
51%
3217 Kazakhstan
45%
3334 Brunei
42%
2879 Micronésie
31%
2956 Palaos
29%
Aucun quiz correspondant
Distribution des résultats
% des personnes avec chaque résultat
Percentile par nombre de réponses
Votre historique - résultats
Vous n’avez pas pris ce quiz